Calon ketua kelas

Bibliographic Details
Main Author: Surayah Hussin
Format: Book
Published: Johor : Penerbitan PHD , 2006
Series:Siri kampung Permai
Subjects:

MARC

LEADER 00000cam a2200000 7i4500
001 0000007304
005 20220105104030.0
008 070829
020 |a 9833115837 
090 0 0 |a JP   |b EL MAL (8095) 
100 0 |a Surayah Hussin 
245 1 0 |a Calon ketua kelas   |c Surayah Hussin 
260 |a Johor :   |b Penerbitan PHD ,   |c 2006 
440 |a Siri kampung Permai 
500 |a Children age 4-6 years old (yellow) 
650 0 |a Early learning 
650 0 |a Malay   |x Study and teaching 
999 |a 0000947559   |b Book   |c Children Collection   |e Cawangan Segamat 
999 |a 0000947560   |b Book   |c Children Collection   |e Cawangan Segamat 
999 |a 0000947561   |b Book   |c Children Collection   |e Cawangan Segamat 
999 |a 0000989886   |b Book   |c Children Collection   |e Cawangan Bukit Gambir 
999 |a 0000989887   |b Book   |c Children Collection   |e Perbadanan Perpustakaan Awam Johor 
999 |a 0000989888   |b Book   |c Children Collection   |e Perbadanan Perpustakaan Awam Johor 
999 |a 0000989889   |b Book   |c Children Collection   |e Cawangan Segamat 
999 |a 0000989890   |b Book   |c Children Collection   |e Perbadanan Perpustakaan Awam Johor